1909 1910 1924 1533 1881 1993 1408 1107 1686 1544 1900 1650 1213 1343 1175 1445 1998 1633 1286 1192 1720 1973 1751 1769 1402 1633 1400 1729 1060 1814 1349 1319 1614 1268 1117 1066 1647 1965 1118 1835 1046 1822 1751 1060 1623 1046 1132 1320 1318 1646 1049 1273 1752 1093 1972 1391 1396 1465 1764 1958 1399 1360 1370 1277 1268 1124 1637 1013 1635 1259 1035 1626 1864 1578 1617 1015 1541 1547 1054 1599 1748 1640 1120 1774 1762 1363 1684 1229 1079 1175 1344 1712 1566 1796 1082 1944 1118 1215 1237 BCNSPRNW ULIB Ver.6.0+V

เปลี่ยนเป็นภาษาไทย

Change to English
 แสดงรายละเอียดบรรณานุกรม
  กลับหน้าหลัก

Brief Record : Get Marc (ISO 2709) : E-mail record : QR code < ปิดหน้าต่าง
LEADER : 00000nam 2200000uu 4500
001    13399111403
003     ULIB
008    110624s2551||||th 000 0 tha d
020    9789749803349
060  4 WY100^bอ659ก 2551
100 0  อารี ชีวเกษมสุข
245 10 กระบวนการพยาบาลและการประเมินสุขภาพ:ทฤษฎีและการปฏิบัติ=^bNursing process and health assessment:theory and practice/^cอารี ชีวเกษมสุข
246 31 Nursing process and health assessment:theory and practice
250    พิมพ์ครั้งที่ 1
260    นนทบุรี:^bมหาวิทยาลัยสุโขทัยธรรมาธิราช,^c2551
300    212 หน้า :^bภาพประกอบ
650  7 การพยาบาล
650  7 สุขภาพ^xการประเมิน
710 2  มหาวิทยาลัยสุโขทัยธรรมาธิราช^bสำนักวิชาการ
945    ^p150^l0^i17007
945    ^p150^l0^i17006
945    ^p150^l0^i17005
995     เกษร
999    ^aใช้งานได้ทุกระบบ
รายการนี้ยังไม่มีแท็ก
คุณยังไม่ได้ล็อกอิน คุณสามารถมีกิจกรรมร่วมกับเว็บไซต์ได้ แต่ต้องล็อกอินก่อน ::
  ล็อกอิน

รายการสื่อสารสนเทศ

ลำดับที่ ประเภท เลขเรียก/บาร์โค้ด สถานที่ สถานะ
1. Book การพยาบาล
Book การพยาบาล
WY100 อ659ก 2551 ฉ.1 
  Barcode: 17005
ห้องสมุดวิทยาเขตสวรรค์ประชารักษ์
►ส่วนจัดเก็บหนังสือเก่า สปร
บนชั้น
  ขอยืม
2. Book การพยาบาล
Book การพยาบาล
WY100 อ659ก 2551 ฉ.2 
  Barcode: 17006
ห้องสมุดวิทยาเขตสวรรค์ประชารักษ์
►ส่วนจัดเก็บหนังสือเก่า สปร
บนชั้น
  ขอยืม
3. Book การพยาบาล
Book การพยาบาล
WY100 อ659ก 2551 ฉ.3 
  Barcode: 17007
ห้องสมุดวิทยาเขตสวรรค์ประชารักษ์
►ส่วนจัดเก็บหนังสือเก่า สปร
บนชั้น
  ขอยืม

รายการใกล้เคียง
    ผู้แต่ง [อารี ชีวเกษมสุข]

    หัวเรื่อง [การพยาบาล]
    หัวเรื่อง [สุขภาพ การประเมิน]

BibComment


ยังไม่เคยถูกคอมเมนท์

คอมเมนท์ทรัพยากรรายการนี้
  คอมเมนท์: กระบวนการพยาบาลแล..


 Copyright 2026. Bcnsprnw @Library